[Informačné a komunikačné technológie v marketingovom výskume]

Recenzia na monografiu, ktorá v troch kapitolách vysvetľuje a objasňuje problematiku využívania informačných a komunikačných technológií v procese marketingového výskumu.

Gespeichert in:
Bibliographische Detailangaben
1. Verfasser: Francová, Zuzana, 1971-
Format: Buchkapitel
Sprache:Slowakisch
Schlagworte:
Tags: Tag hinzufügen
Keine Tags, Fügen Sie das erste Tag hinzu!

MARC

LEADER 00000naa$a2200000$$$4500
001 0104792
005 20240502072141.9
041 0 |a slo 
044 |a SK 
245 1 0 |a [Informačné a komunikačné technológie v marketingovom výskume]  |c Zuzana Francová 
520 |a Recenzia na monografiu, ktorá v troch kapitolách vysvetľuje a objasňuje problematiku využívania informačných a komunikačných technológií v procese marketingového výskumu. 
610 2 0 |a recenzie 
610 2 0 |a technológie informačné 
610 2 0 |a technológie komunikačné 
610 2 0 |a výskum marketingový 
100 1 |a Francová, Zuzana, 1971-